000 00849nam a22002177a 4500
999 _c64321
_d64321
005 20240530110725.0
008 180418s2016 ua g 00| 0 ara d
017 _a2016/26202
_bمصر. دار الكتب
020 _a9789779110585
040 _aEG-CaGPL
_cEG-CaGPL
082 0 4 _221
_a943 /
_bع أ
100 0 _aعبده مباشر
245 1 0 _aالمانيا والوحدة والطريق الى الرايخ الرابع /
_cعبده مباشر
260 _aالقاهرة :
_bالهيئة المصرية العامة للكتاب ،
_c2016.
300 _a286 ص. ؛
_c24 سم.
650 _2qrmak
651 0 7 _2qrmak
_aالمانيا
_xتاريخ
651 0 7 _2qrmak
_aالمانيا
_xتاريخ
_yالعصر الحديث
_xالوحدة الالمانية ( 1991م - )
942 _2ddc
_cBK